000 00756nam a2200217 a 4500
001 000532296
003 AM-YEHGA
005 20250618075324.0
008 070417|1919 ai | |||||||||||||arm|d
040 _aAM-YeHGA
041 1 _aarm
245 0 0 _aԿարմիր աստղ /
_cԹարգմ.՝ Գ. Հայկունի.
250 _a2-րդ հրատ.
260 _aՄօսկւա :
_bՀայաստ. կոմ. կուս. կենտր. կոմ. հրատ.,
_c1919.
300 _a8 էջ ;
_c18 սմ.
440 0 _aՀայաստանի կօմունիստական կուսակցութիւն
_v№ 19
650 1 4 _aԶինված ուժեր
700 1 _aՀայկունի, Գուրգեն Սարգսի,
_d1889-1966
_eթարգմ.
_4trl
_91407
942 _2udc
_cBK
090 _c456697
999 _c453718
_d453718